[Event "Andorra Open"]
[Site "Andorra la Vella AND"]
[Date "2005.07.12"]
[Round "4"]
[White "Gurevich,M"]
[Black "Fernandez Aguado,E"]
[Result "1-0"]
[WhiteElo "2669"]
[BlackElo "2356"]

1.d4 Nf6 2.c4 g6 3.Nc3 Bg7 4.e4 d6 5.Nf3 O-O 6.Be2 e5 7.O-O Nc6 8.d5 Ne7
9.Nd2 a5 10.a3 Nd7 11.Rb1 Kh8 12.b4 axb4 13.axb4 f5 14.Qc2 Ng8 15.exf5 gxf5
16.f4 exf4 17.Nf3 c5 18.Bxf4 cxb4 19.Nb5 Ne5 20.c5 Nxf3+ 21.Bxf3 dxc5 22.Qxc5 Nf6
23.Nc7 Ra2 24.Qc4 Ra3 25.Qxb4 Rxf3 26.Rxf3 Nxd5 27.Nxd5 Qxd5 28.Re3 Rg8 29.Rg3 b6
30.Re1 Bb7 31.Rxg7  1-0

[Event "57th ch-Montenegro"]
[Site "Cetinje SCG"]
[Date "2005.07.12"]
[Round "5"]
[White "Djukanovic,S"]
[Black "Popadic,Dr"]
[Result "1/2-1/2"]
[WhiteElo "2314"]
[BlackElo "2281"]

1.d4 Nf6 2.c4 g6 3.Nc3 Bg7 4.e4 d6 5.Nf3 O-O 6.Be2 e5 7.O-O Nc6 8.d5 Ne7
9.b4 Nh5 10.c5 f5 11.Bc4 Nf6 12.Re1 Kh8 13.Qb3 fxe4 14.Ng5 Nf5 15.Ngxe4 Nd4
16.Qd1  1/2-1/2

[Event "ch-IRL"]
[Site "Dublin IRL"]
[Date "2005.07.12"]
[Round "4"]
[White "O'Connell,G"]
[Black "O'Rourke,R"]
[Result "1-0"]
[WhiteElo "2134"]
[BlackElo "2071"]

1.d4 Nf6 2.c4 g6 3.Nc3 Bg7 4.e4 d6 5.Nf3 O-O 6.Be2 e5 7.O-O Nc6 8.d5 Ne7
9.b4 Ne8 10.c5 f5 11.Ng5 Nf6 12.f3 h6 13.Ne6 Bxe6 14.dxe6 d5 15.exd5 Nexd5
16.Nxd5 Nxd5 17.Bc4 c6 18.e7 Qxe7 19.Bxd5+ cxd5 20.Qxd5+ Qf7 21.Qxf7+ Kxf7
22.Bb2 Rfd8 23.Rfd1 Bf6 24.Kf1 Ke6 25.Ke2 Be7 26.Bc3 Bg5 27.Rab1 Bf4 28.g3 Bg5
29.a4 Rxd1 30.Rxd1 Rd8 31.Rb1 e4 32.fxe4 fxe4 33.h4 Be7 34.Bd2 h5 35.Rb3 Rf8
36.Bf4 Rf5 37.Ke3 Kd7 38.Rb1 Bf6 39.Rd1+  1-0

[Event "Open"]
[Site "Condom FRA"]
[Date "2005.07.13"]
[Round "6"]
[White "Lemeaux,D"]
[Black "Zimmerman,Y"]
[Result "0-1"]
[WhiteElo "2213"]
[BlackElo "2375"]

1.d4 d6 2.c4 g6 3.Nc3 Bg7 4.e4 Nf6 5.Be2 O-O 6.Nf3 e5 7.O-O Nc6 8.d5 Ne7
9.Ne1 Nd7 10.Be3 f5 11.f3 f4 12.Bf2 g5 13.a4 Ng6 14.a5 Kh8 15.b4 Nf6 16.c5 Rg8
17.cxd6 cxd6 18.Nb5 g4 19.Kh1 g3 20.Bg1 Nh5 21.Rc1 gxh2 22.Bf2 Bf6 23.Qc2 Bh4
24.Qc7 Bxf2  0-1

[Event "Open"]
[Site "Condom FRA"]
[Date "2005.07.16"]
[Round "9"]
[White "Van Elst,A"]
[Black "Zimmerman,Y"]
[Result "1-0"]
[WhiteElo "2263"]
[BlackElo "2375"]

1.d4 g6 2.c4 Bg7 3.Nf3 Nf6 4.Nc3 O-O 5.e4 d6 6.Be2 e5 7.O-O Nc6 8.d5 Ne7
9.Ne1 Nd7 10.Be3 f5 11.f3 f4 12.Bf2 g5 13.Rc1 Ng6 14.c5 Nxc5 15.b4 Na6 16.Nd3 Rf7
17.Nb5 b6 18.Rc3 Bf6 19.Qc2 Qd7 20.a4 Bd8 21.Rc1 h5 22.Nxd6 Qxd6 23.Rc6 Bb7
24.Rxd6 cxd6 25.b5 Rc7 26.Qb2 Rxc1+ 27.Qxc1 Nc5 28.Bxc5 bxc5 29.Nb2 Kf7 30.Nc4 Ke7
31.Qe1 Kd7 32.Bf1 h4 33.g3 hxg3 34.Bh3+ Ke7 35.hxg3 a6 36.b6 a5 37.Bf5 Ba6
38.Nxa5 Bxb6 39.Bxg6 Kf6 40.Bf5 Bd3 41.Kg2 Kg7 42.Qc3 Ba6 43.Nc4 Bc7 44.Bd7 Rb8
45.Bb5 Bc8 46.gxf4 gxf4 47.Qe1 Kg6 48.Qh4 Bd8 49.Qh8 Bf6 50.Be8+  1-0

[Event "Viking GM"]
[Site "St Petersburg RUS"]
[Date "2005.07.16"]
[Round "10"]
[White "Bets,A"]
[Black "Solovjov,S"]
[Result "0-1"]
[WhiteElo "2377"]
[BlackElo "2496"]

1.d4 Nf6 2.c4 g6 3.Nc3 Bg7 4.e4 d6 5.Be2 O-O 6.Nf3 e5 7.O-O Nc6 8.d5 Ne7
9.b4 Nh5 10.Re1 a5 11.bxa5 c5 12.a4 Rxa5 13.Ra3 Ra6 14.Nb5 h6 15.Bf1 f5 16.exf5 Bxf5
17.Nh4 Nf6 18.Nxf5 gxf5 19.Rh3 Kh7 20.Bd3 Qd7 21.Bc2 Ng6 22.f3 Raa8 23.Qd3 Ng8
24.Rh5 N8e7 25.Bg5 Rae8 26.Qe3 Ng8 27.h3 e4 28.fxe4 f4 29.Qd2 Re5 30.Bxf4 Nxf4
31.Rf5 Ng6 32.Rxf8 Nxf8 33.Rf1 Ng6 34.Qa5 Rg5 35.Rf5 Be5 36.Qc7 Qxc7 37.Nxc7 Nf6
38.Rxg5 hxg5 39.a5 Kh6 40.a6 bxa6 41.Nxa6 Bd4+ 42.Kf1 Ne5 43.g4 Nxc4 44.Ke2 Ne3
45.Bb1 Ng2 46.Kf3 Nf4 47.h4 Ng6 48.hxg5+ Kxg5 49.Nc7 Ne5+ 50.Kg3 Nfxg4 51.Ne6+ Kf6  0-1

[Event "Politiken Cup"]
[Site "Copenhagen DEN"]
[Date "2005.07.18"]
[Round "4"]
[White "Nordenbaek,J"]
[Black "Hansen,ReR"]
[Result "1-0"]
[WhiteElo "2246"]
[BlackElo "2084"]

1.d4 Nf6 2.c4 g6 3.Nc3 Bg7 4.e4 d6 5.Be2 O-O 6.Nf3 e5 7.O-O Nc6 8.d5 Ne7
9.Ne1 Nd7 10.Be3 f5 11.f3 f4 12.Bf2 g5 13.a4 Nf6 14.c5 Kh8 15.cxd6 cxd6 16.a5 Rf7
17.Nb5 g4 18.Nxa7 Rxa7 19.Bxa7 g3 20.Kh1 Ng6 21.Bb6 Qg8 22.Rc1 Bh6 23.Rxc8 Qxc8
24.h3 Nh4 25.Qc2 Qd7 26.b4 Nxg2 27.Kxg2  1-0

[Event "Aegean Open"]
[Site "Kirykos GRE"]
[Date "2005.07.19"]
[Round "8"]
[White "Khurtsilava,I"]
[Black "Koukoufikis,A"]
[Result "1/2-1/2"]
[WhiteElo "2281"]
[BlackElo "2281"]

1.d4 g6 2.c4 Bg7 3.Nc3 d6 4.e4 Nf6 5.Nf3 O-O 6.Be2 e5 7.O-O Nc6 8.d5 Ne7
9.Ne1 Nd7 10.Nd3 f5 11.exf5 Nxf5 12.Bg4 Nf6 13.Bh3 Qe7 14.Re1 Qf7 15.f4 Nd7
16.Ne4 h6 17.Ng3 Kh7 18.Rf1 Nxg3 19.hxg3 e4 20.Nf2 Nc5 21.Bxc8 Raxc8 22.Be3 Bxb2
23.Rb1 Qg7 24.Bxc5 dxc5 25.Qe2 Bd4 26.Rxb7 e3 27.Nd3 Rb8 28.Rfb1 Rxb7 29.Rxb7 g5
30.Kh2 Qe7 31.Rxa7 Kg8 32.Ra6 Rf6 33.Rxf6 Qxf6 34.a4 c6 35.d6 Qxd6 36.a5 Qd8
37.a6 Qa5 38.Qh5 Qxa6 39.Qg6+ Bg7 40.f5 Qa1 41.Qe8+ Kh7 42.Qxe3 Qd4 43.Qxd4 Bxd4
44.g4 Kg7 45.Kg3 Kf6 46.Kf3 Kf7 47.Ke4 Kf6 48.Nc1 Bc3 49.Nb3 Bb4 50.Nc1 Bc3
51.Ne2 Be1 52.Ke3 Ba5 53.Nc1 Bc7 54.Nd3 Bh2 55.Ke4 Bd6 56.Nc1 Bc7 57.Nb3 Bb6
58.Nd2 Ba5 59.Kd3 Ke5 60.Ne4 Bb4 61.g3 Ba3 62.Nd2 Bb4 63.Nf3+ Kd6 64.Ke4 Bc3
65.Ng1 Bb2 66.Nf3 Bf6 67.Kd3 Bg7 68.Nd2 Bd4 69.Ke4 Bf2 70.Kf3 Bd4 71.Nb3 Bc3
72.Ke3 Be1 73.Nd2 Ke7 74.Ke2 Bxg3 75.Ne4 Bd6 76.Kd3 Be5 77.Nxc5 Bb2 78.Ne4 Be5
79.Nc5 Kd6 80.Ke4 Bh8 81.Nd3 c5 82.Ne1 Bd4 83.Nc2 Bc3 84.Ne3 Bf6 85.Nd5 Bd8
86.Nc3 Bf6 87.Nb5+ Kc6 88.Na3 Kd6 89.Nc2 Bc3 90.Ne3 Bf6 91.Kd3 Ke5 92.Nd5 h5
93.gxh5 Kxf5 94.Ne3+ Kf4 95.Nd5+ Kf5 96.Nxf6 Kxf6 97.Ke4 Ke6 98.h6 Kf6 99.h7 Kg7
100.Kf5 Kxh7 101.Kxg5 Kg7 102.Kf5 Kf7 103.Ke5 Ke7 104.Kd5 Kd7 105.Kxc5 Kc7
106.Kb5 Kb7 107.c5 Kc7 108.c6 Kc8 109.Kc4 Kc7 110.Kc5 Kc8  1/2-1/2

[Event "Open A"]
[Site "Chojnice POL"]
[Date "2005.07.20"]
[Round "7"]
[White "Hajnrych,J"]
[Black "Siewert,R"]
[Result "0-1"]
[WhiteElo "1935"]
[BlackElo "2063"]

1.d4 Nf6 2.c4 g6 3.Nc3 Bg7 4.e4 O-O 5.Nf3 d6 6.Be2 e5 7.O-O Nc6 8.d5 Ne7
9.Ne1 Ne8 10.Nd3 f5 11.f3 c5 12.Be3 f4 13.Bf2 g5 14.a3 Rf7 15.b4 b6 16.Qc2 h5
17.bxc5 bxc5 18.Nb5 Ng6 19.Rfc1 g4 20.Qd1 Bh6 21.fxg4 f3 22.Bxf3 hxg4 23.Bxg4 Bxc1
24.Rxc1 Qg5 25.Bxc8 Rxc8 26.Rc3 a6 27.Nxd6 Nxd6 28.Nxc5 Rxf2 29.Rg3 Qd2 30.Rxg6+ Kf7
31.Qxd2 Rxd2 32.Rxd6 Rxc5 33.Rxa6 Rxc4 34.Ra7+ Kf6 35.Ra6+ Kg5 36.h4+ Kxh4
37.Kh2 Rxe4 38.Ra5 Rg4  0-1

[Event "Iranian Super League"]
[Site "Iran IRI"]
[Date "2005.07.21"]
[Round "6"]
[White "Kotanjian,T"]
[Black "Petrosian,DG"]
[Result "1-0"]
[WhiteElo "2443"]
[BlackElo "2380"]

1.d4 Nf6 2.c4 g6 3.Nc3 Bg7 4.e4 d6 5.Nf3 O-O 6.Be2 e5 7.O-O Nc6 8.d5 Ne7
9.b4 a5 10.Ba3 axb4 11.Bxb4 b6 12.a4 Re8 13.Qd3 Nf5 14.a5 bxa5 15.Rxa5 Rb8
16.Nb5 Nd4 17.Nfxd4 exd4 18.f3 Nh5 19.g3 Bh3 20.Ra7 Bxf1 21.Bxf1 f5 22.Ba5 fxe4
23.fxe4 Qf6 24.Bxc7 Bh6 25.Nxd4 Rb1 26.Nf3 Rf8 27.Ra3 Re1 28.c5 Be3+ 29.Qxe3 Rxe3
30.Rxe3 Qa1 31.Bxd6 Ra8 32.Be5 Qc1 33.Rc3 Qb1 34.d6 Ng7 35.c6 Ra1 36.Nd2 Qb6+
37.Kg2 Qb2 38.Bc4+ Kh8 39.Rf3 Qa2  1-0

[Event "ACT Open"]
[Site "Amsterdam NED"]
[Date "2005.07.22"]
[Round "7"]
[White "Halay,T"]
[Black "Spaan,T"]
[Result "1-0"]
[WhiteElo "2320"]
[BlackElo "2284"]

1.d4 Nf6 2.c4 g6 3.Nc3 Bg7 4.e4 O-O 5.Nf3 d6 6.Be2 e5 7.O-O Nc6 8.d5 Ne7
9.b4 Nh5 10.Re1 a5 11.bxa5 Rxa5 12.Nd2 Nf4 13.Bf1 c5 14.a4 Kh8 15.Ra3 Ng8
16.Nb5 Ra6 17.g3 Nh5 18.Bg2 Bh6 19.Nf1 Bxc1 20.Qxc1 f5 21.exf5 gxf5 22.Nd2 Ngf6
23.Nf3 f4 24.Ng5 Ng4 25.Ne4 Qe7 26.Qb2 Bf5 27.Bf3 Bxe4 28.Bxg4 Qg5 29.Bxh5 Qxh5
30.Rxe4 Qd1+ 31.Kg2 f3+ 32.Kh3 Rf6 33.Ra1 Qd3 34.Nc3 Rh6+ 35.Kg4 Rg6+ 36.Kh5 Kg7
37.Qxb7+ Kg8 38.Qc8+ Kg7 39.Qd7+ Kg8 40.Rb1 Ra8 41.Rb7  1-0

[Event "Open A"]
[Site "Pardubice CZE"]
[Date "2005.07.23"]
[Round "2"]
[White "Sumets,A"]
[Black "Zaitsev,Va"]
[Result "0-1"]
[WhiteElo "2477"]
[BlackElo "2370"]

1.d4 Nf6 2.c4 g6 3.Nc3 Bg7 4.e4 O-O 5.Nf3 d6 6.Be2 e5 7.O-O Nc6 8.d5 Ne7
9.Ne1 Nd7 10.Be3 f5 11.f3 Kh8 12.Nd3 Ng8 13.exf5 gxf5 14.f4 Nh6 15.Qd2 e4
16.Nf2 a6 17.Bd4 Rg8 18.Ncd1 Nf6 19.Ne3 c5 20.dxc6 bxc6 21.Rad1 Be6 22.Nh3 Nf7
23.Ng5 Qe7 24.Qa5 c5 25.Bc3 Nxg5 26.fxg5 Nd7 27.Nxf5 Bxf5 28.Rxf5 Ne5 29.Qa4 Raf8
30.Rxf8 Rxf8 31.Rf1 Rxf1+ 32.Bxf1 Ng6 33.Qxa6 Bd4+ 34.Bxd4+ cxd4 35.Qc8+ Kg7
36.Qf5 d3 37.b4 h6 38.gxh6+ Kxh6 39.Qh3+ Kg7 40.Qe3 Qe5 41.b5 Qb2 42.Qxe4 d2
43.Be2 Qc1+ 44.Kf2 Qe1+ 45.Kf3 Ne5+ 46.Kf4 Qf2+ 47.Bf3 d1=Q 48.Kf5 Qdc2  0-1

[Event "Open A"]
[Site "Pardubice CZE"]
[Date "2005.07.23"]
[Round "2"]
[White "Nazarenus,M"]
[Black "Fruebing,S"]
[Result "1-0"]
[WhiteElo "2185"]
[BlackElo "2280"]

1.d4 Nf6 2.c4 g6 3.Nc3 Bg7 4.e4 d6 5.Nf3 O-O 6.Be2 e5 7.O-O Nc6 8.d5 Ne7
9.Ne1 Nd7 10.Be3 f5 11.f3 f4 12.Bf2 g5 13.a4 Ng6 14.a5 Rf7 15.Nb5 a6 16.Na7 Rxa7
17.Bxa7 Nf6 18.c5 Bf8 19.cxd6 Bxd6 20.Bf2 g4 21.Kh1 Qf8 22.Qc1 Qh6 23.Rb1 Rg7
24.b4 Ne7 25.g3 Qh3 26.Rg1 Rg6 27.Rb3 Rh6 28.Rg2 Ng6 29.Qc2 Qh5 30.b5 axb5
31.Rxb5 Kf7 32.Rb3 Qg5 33.Bc5 Be7 34.gxf4 Qxf4 35.Be3  1-0

[Event "Open A"]
[Site "Pardubice CZE"]
[Date "2005.07.23"]
[Round "2"]
[White "Jedlicka,A"]
[Black "Baeumler,I"]
[Result "0-1"]
[WhiteElo "2288"]
[BlackElo "2185"]

1.d4 Nf6 2.c4 g6 3.Nc3 Bg7 4.e4 d6 5.Be2 O-O 6.Nf3 e5 7.O-O Nc6 8.Be3 Ng4
9.Bg5 f6 10.Bh4 g5 11.Bg3 Nh6 12.dxe5 fxe5 13.h3 Be6 14.c5 Nf7 15.cxd6 Nxd6
16.Nh2 Qe7 17.Bg4 Nd4 18.Nd5 Qf7 19.Bxe6 Nxe6 20.Ng4 Nf4 21.Bxf4 exf4 22.e5 Ne4
23.Ndf6+ Nxf6 24.exf6 Rfd8 25.Qe2 Bf8 26.Rae1 c6 27.h4 Rd5 28.hxg5 Rxg5 29.Qf3 Qh5
30.Qb3+ Kh8 31.Nh2 Qg6 32.Qh3 Bc5 33.f7 Qxf7 34.Nf3 Rg3 35.Ne5 Qg7 36.Qd7 Rxg2+
37.Kh1 Qxd7 38.Nxd7 Rg5 39.Re5 Rxe5 40.Nxe5 Bd4 41.Nf7+ Kg8 42.Nh6+ Kf8 43.b3 c5
44.Kg2 Kg7 45.Nf5+ Kf6 46.Nd6 b6 47.Kf3 Rd8 48.Ne4+ Kf5 49.Rh1 Be5 50.Rh5+ Ke6
51.Rh6+ Kd5 52.Rxh7 a5 53.Rb7 Kc6 54.Re7 Bc7 55.Re6+ Kb5 56.Re7 Bb8 57.Rb7 Kc6
58.Re7 a4 59.Re6+ Kb7 60.Ke2 axb3 61.axb3 Rd5 62.f3 Ka6 63.Re8 Be5 64.Nd2 b5
65.Ra8+ Kb7 66.Re8 Kb6 67.Ra8 Bc7 68.Ra2 Be5 69.Ra8 Bd4 70.Ra2 Be3 71.Ne4 Rh5
72.Kd3 Rh3 73.Ng5 Rg3 74.Ne6 Rxf3 75.Ke4 Rf1 76.Rb2 Bc1 77.Rc2 Re1+ 78.Kd5 Rxe6
79.Kxe6 Be3 80.Kd5 f3 81.Ra2 f2 82.Ra1 Bd4 83.Rb1 Bc3 84.Rf1 Be1 85.Ke4 Ka5
86.Kd3 Kb4 87.Kc2 Ka3 88.Rh1 c4 89.bxc4 bxc4 90.Rh3+ Kb4 91.Rf3 Kc5 92.Rf4 Kd5
93.Kd1 Ke5 94.Rf8 Kd4 95.Ke2 Kc3 96.Rc8 Kb3 97.Rb8+ Kc2 98.Rb7 c3 99.Rb8 Kc1
100.Rb7 c2 101.Rc7 Kb2 102.Rb7+ Ka2 103.Rc7 Kb3 104.Rb7+ Bb4 105.Rc7 Bc3  0-1

[Event "Open A"]
[Site "Pardubice CZE"]
[Date "2005.07.24"]
[Round "3"]
[White "Ramesa,M"]
[Black "Jedlicka,A"]
[Result "0-1"]
[WhiteElo "2213"]
[BlackElo "2288"]

1.d4 Nf6 2.Nf3 g6 3.c4 Bg7 4.Nc3 O-O 5.e4 d6 6.Be2 e5 7.O-O Nc6 8.d5 Ne7
9.Ne1 Ne8 10.Be3 f5 11.f3 f4 12.Bf2 g5 13.c5 Rf6 14.Nd3 Rg6 15.g4 fxg3 16.hxg3 h5
17.Be3 Bh6 18.Qd2 Rg7 19.cxd6 cxd6 20.Rfc1 Ng6 21.Kh1 Rf7 22.a4 Qd7 23.Nf2 Nf4
24.Bf1 Qe7 25.Ne2 Rg7 26.Rxc8 Rxc8 27.gxf4 gxf4 28.Bxa7 Nf6 29.Nh3 Ng4 30.Bg1 Ne3
31.Bxe3 fxe3 32.Qd1 Kh7 33.Rc1 Rcg8 34.Ra1 Qf6 35.Nhg1 Bf4 36.Bh3 Bg3 37.Nxg3 Rxg3
38.Qe2 Qf4 39.Rf1 Kh8 40.Qh2 Qh4 41.Be6 Rxg1+ 42.Rxg1 Rxg1+ 43.Kxg1 Qxh2+
44.Kxh2  0-1

[Event "Open A"]
[Site "Pardubice CZE"]
[Date "2005.07.24"]
[Round "3"]
[White "Dobrev,N"]
[Black "Balenovic,Z"]
[Result "0-1"]
[WhiteElo "2426"]
[BlackElo "2256"]

1.d4 Nf6 2.Nf3 g6 3.c4 Bg7 4.Nc3 O-O 5.e4 d6 6.Be2 e5 7.O-O Nc6 8.d5 Ne7
9.b4 a5 10.Ba3 axb4 11.Bxb4 b6 12.a4 Ne8 13.Nb5 Bg4 14.Ra3 Bxf3 15.Bxf3 f5
16.Qd2 Nf6 17.Re1 fxe4 18.Bxe4 Nxe4 19.Rxe4 Qd7 20.f3 Nf5 21.Bc3 Ra6 22.Qe2 Rfa8
23.a5 c6 24.dxc6 Qxc6 25.g4 Nh6 26.Bb4 Nf7 27.Rd3 Bf8 28.Qd2 bxa5 29.Ba3 Rd8
30.Rd5 Bh6 31.Qd3 Ng5 32.c5 Nxf3+ 33.Qxf3 Qxd5 34.Nc7 Qa2 35.Nxa6 Rf8 36.Qd3 d5
37.Qe2 Qb1+ 38.Qe1 Qxe4 39.Qxe4 dxe4 40.c6 Be3+ 41.Kg2 Rf2+ 42.Kh1 Rc2 43.c7 Bb6
44.Bd6 e3 45.Bxe5 e2 46.Bg3 Bxc7 47.Nxc7 Rxc7  0-1

[Event "MTO Open"]
[Site "Biel SUI"]
[Date "2005.07.26"]
[Round "8"]
[White "Ulibin,M"]
[Black "Pavlovic,Mi"]
[Result "0-1"]
[WhiteElo "2529"]
[BlackElo "2471"]

1.d4 Nf6 2.c4 g6 3.Nc3 Bg7 4.e4 d6 5.Nf3 O-O 6.Be2 e5 7.O-O Nc6 8.d5 Ne7
9.Nd2 Ne8 10.b4 f5 11.c5 Nf6 12.f3 f4 13.Nc4 g5 14.g4 Ng6 15.Bd2 Rf7 16.Be1 h5
17.h3 Bf8 18.c6 bxc6 19.dxc6 Be6 20.Na5 Qe8 21.b5 hxg4 22.hxg4 Rh7 23.Bc4 Kg7
24.Rf2 d5 25.exd5 Bxg4 26.Nb7 Bb4 27.Rg2 Qh8 28.Kf2 Rh2 29.Bf1 Bxc3 30.Bxc3 Ne4+
31.fxe4 Qh4+  0-1

[Event "Open A"]
[Site "Pardubice CZE"]
[Date "2005.07.26"]
[Round "5"]
[White "Voloshin,L"]
[Black "Zaitsev,Va"]
[Result "1-0"]
[WhiteElo "2477"]
[BlackElo "2370"]

1.c4 Nf6 2.d4 g6 3.Nc3 Bg7 4.e4 O-O 5.Nf3 d6 6.Be2 e5 7.O-O Nc6 8.d5 Ne7
9.Bg5 h6 10.Bxf6 Bxf6 11.b4 Bg7 12.c5 f5 13.Nd2 Kh8 14.a4 Ng8 15.c6 bxc6
16.dxc6 Ne7 17.Bc4 Nxc6 18.Bd5 Bb7 19.b5 Na5 20.Nb3 Bxd5 21.Nxd5 Nxb3 22.Qxb3 fxe4
23.Rac1 Rc8 24.Rc6 Qd7 25.Qe3 Qf7 26.Qxe4 h5 27.f3 Bh6 28.Rf2 Qf5 29.Qxf5 gxf5
30.Rfc2 Rf7 31.Kf1 e4 32.Rxc7 Rfxc7 33.Rxc7 Rxc7 34.Nxc7 exf3 35.gxf3 Bd2
36.Ke2 Ba5 37.Nd5 Kg7 38.Ne7 Bb4 39.Nc6 Bc5 40.a5 Kf6 41.Nxa7 Ke6 42.Nc6 Kd7
43.Kd3 d5 44.Nd4 f4 45.h3 Kc8 46.Ne2 Be3 47.Nc3 Kb7 48.Nxd5 Bc1 49.Ke4 Bd2
50.a6+ Ka7 51.Nxf4 Kb6 52.Nd5+ Kxb5 53.a7  1-0

[Event "Open A"]
[Site "Pardubice CZE"]
[Date "2005.07.27"]
[Round "6"]
[White "Jedynak,R"]
[Black "Zeleny,T"]
[Result "1-0"]
[WhiteElo "2394"]
[BlackElo "2286"]

1.d4 Nf6 2.c4 g6 3.Nc3 Bg7 4.e4 d6 5.Nf3 O-O 6.Be2 e5 7.O-O Nc6 8.d5 Ne7
9.b4 Ne8 10.c5 f5 11.Ng5 h6 12.Ne6 Bxe6 13.dxe6 fxe4 14.Bc4 Nf6 15.cxd6 cxd6
16.Nd5 Rc8 17.Bb3 Nexd5 18.Bxd5 Qe7 19.Be3 Rc3 20.Bb3 b6 21.Rc1 Rxc1 22.Qxc1 d5
23.Bxh6 Qxe6 24.Bg5 Kh7 25.Rd1 Qf5 26.Bxf6 Qxf6 27.Rf1 d4 28.Bd5 Qd6 29.Bxe4 d3
30.Rd1 Bh6 31.Rxd3 Qe6 32.Qc7+ Rf7 33.Qc2 Bf4 34.g3 Bh6 35.h4 Qg4 36.Rd6 Rg7
37.b5 Be3 38.fxe3 Qxg3+ 39.Qg2 Qxe3+ 40.Kh1 Qe1+ 41.Kh2 Kg8 42.Rd8+ Kh7 43.Rd3 Kg8
44.Rg3 Kf8 45.Bxg6 Rxg6 46.Rxg6 Qxh4+ 47.Kg1  1-0

[Event "Open Dutch Championship"]
[Site "Dieren NED"]
[Date "2005.07.28"]
[Round "3"]
[White "Struik,T"]
[Black "Brandenburg,D"]
[Result "0-1"]
[WhiteElo "2206"]
[BlackElo "2371"]

1.d4 Nf6 2.c4 g6 3.Nc3 Bg7 4.e4 d6 5.Nf3 O-O 6.Be2 e5 7.O-O Nc6 8.d5 Ne7
9.Nd2 a5 10.a3 Nd7 11.Rb1 f5 12.b4 b6 13.Qc2 Kh8 14.Nb5 f4 15.c5 bxc5 16.bxc5 Nxc5
17.a4 g5 18.h3 Ng6 19.Ba3 g4 20.hxg4 Na6 21.Rfc1 f3 22.Bxf3 Bh6 23.Rb3 Bd7
24.g3 Rf7 25.Kg2 Qg5 26.Rd1 Raf8 27.Nc4 Rxf3 28.Rxf3 Rxf3 29.Bc1 Qxg4 30.Bxh6 Nh4+
31.Kf1 Qh3+ 32.Ke2 Rxf2+  0-1

[Event "Open A"]
[Site "Pardubice CZE"]
[Date "2005.07.28"]
[Round "7"]
[White "Gajewski,G"]
[Black "Schebler,G"]
[Result "1/2-1/2"]
[WhiteElo "2396"]
[BlackElo "2482"]

1.d4 Nf6 2.c4 g6 3.Nc3 Bg7 4.e4 d6 5.Nf3 O-O 6.Be2 e5 7.O-O Nc6 8.d5 Ne7
9.b4 a5 10.Ba3 Nd7 11.bxa5 Rxa5 12.Bb4 Ra8 13.a4 Bh6 14.a5 f5 15.Bd3 Nf6
16.Re1 c5 17.dxc6 Nxc6 18.Qb1 Kh8  1/2-1/2

[Event "Open A"]
[Site "Pardubice CZE"]
[Date "2005.07.29"]
[Round "8"]
[White "Szymanski,M"]
[Black "Kabanov,N"]
[Result "0-1"]
[WhiteElo "2435"]
[BlackElo "2508"]

1.d4 Nf6 2.c4 g6 3.Nc3 Bg7 4.e4 d6 5.Nf3 O-O 6.Be2 e5 7.O-O Nc6 8.d5 Ne7
9.b4 Nh5 10.Re1 f5 11.Ng5 Nf6 12.Bf3 c6 13.Be3 h6 14.Ne6 Bxe6 15.dxe6 fxe4
16.Nxe4 Nxe4 17.Bxe4 d5 18.cxd5 cxd5 19.Bc2 b6 20.Qg4 e4 21.Rad1 Qc7 22.Bb3 Rf5
23.Re2 Qc3 24.b5 Raf8 25.h4 Kh7 26.Red2 Rd8 27.Qg3 Be5 28.Qh3 Qb4 29.Bd4 Bxd4
30.Rxd4 Qxb5 31.Rxe4 Rdf8 32.Ree1 Rxf2 33.Qd3 Qc5 34.Qd4 R2f5 35.Qxc5 bxc5
36.g4 Rf4 37.Bxd5 Rxg4+ 38.Bg2 Kg7 39.Rd7 Kf6 40.Rxa7 Rb8 41.Re2 h5 42.a4 Rb6
43.a5 Rb1+ 44.Kf2 Rf4+ 45.Kg3 Rbb4 46.Bh3 Rxh4 47.Rf2+ Kg5 48.Rxe7 Rb3+ 49.Kg2 Rbxh3
50.Rc7 Rh2+ 51.Kf1 Rh1+ 52.Kg2 Re1 53.e7 Rg4+ 54.Kh2 Rge4 55.Rxc5+ Kh6 56.Rc7 Ra1
57.Ra7 h4 58.Rg2 g5 59.Ra8 Ree1 60.Rg1 Re2+ 61.Rg2 Ree1 62.Rg1 Ra2+ 63.Rg2 Rxg2+
64.Kxg2 Rxe7 65.Rh8+ Kg6 66.Rb8 Re3 67.Rb6+ Kh5 68.Rb5 Ra3 69.Rc5 h3+ 70.Kh2 Kh4  0-1

[Event "It"]
[Site "Charleroi BEL"]
[Date "2005.07.30"]
[Round "2"]
[White "Brunner,N"]
[Black "Le Quang,K"]
[Result "1-0"]
[WhiteElo "2386"]
[BlackElo "2330"]

1.d4 Nf6 2.c4 g6 3.Nc3 Bg7 4.e4 d6 5.Nf3 O-O 6.Be2 e5 7.O-O Nc6 8.d5 Ne7
9.Ne1 Nd7 10.Be3 f5 11.f3 f4 12.Bf2 g5 13.a4 a5 14.Nd3 b6 15.Be1 Nf6 16.Nf2 h5
17.h3 Kh8 18.Nb5 Neg8 19.b4 axb4 20.Bxb4 Ne8 21.a5 bxa5 22.Rxa5 Rxa5 23.Bxa5 Rf7
24.Qb3 Nh6 25.Rb1 Kh7 26.Na7 Bd7 27.Qb7 g4 28.fxg4 hxg4 29.hxg4 Qg5 30.Qb3 Nxg4
31.Nxg4 Bxg4 32.Bxg4 Qxg4 33.Qf3 Qg6 34.Nc6 Nf6 35.Nd8 Rf8 36.Ne6 Ra8 37.Bxc7 Bh6
38.Re1 Ra4 39.Bxd6 Rxc4 40.Bxe5 Nxe4 41.Bxf4  1-0

[Event "15th ETC Women"]
[Site "Gothenburg SWE"]
[Date "2005.07.30"]
[Round "1"]
[White "Bosboom Lanchava,T"]
[Black "Topel,Z"]
[Result "1-0"]
[WhiteElo "2363"]
[BlackElo "2081"]

1.d4 Nf6 2.Nf3 g6 3.c4 Bg7 4.Nc3 d6 5.e4 O-O 6.Be2 e5 7.O-O Nc6 8.d5 Ne7
9.b4 Nh5 10.Re1 f5 11.Ng5 Nf6 12.Bf3 Rb8 13.g3 h6 14.Ne6 Bxe6 15.dxe6 Qc8
16.Nd5 Qxe6 17.Nxc7 Qd7 18.Nb5 fxe4 19.Bg2 d5 20.Nxa7 Ra8 21.Nb5 Qc6 22.Qe2 Rfc8
23.cxd5 Nexd5 24.Bd2 Qb6 25.Red1 Rc6 26.a4 Nc7 27.Be3 Qa6 28.Qa2+ Kh7 29.Bf1 Nxb5
30.Bxb5 Qxb5 31.axb5 Rxa2 32.Rxa2 Rc7 33.b6 Rf7 34.Rc2 Bf8 35.Rc7 Rg7 36.Bc5  1-0

[Event "92nd ch-GBR"]
[Site "Douglas IOM"]
[Date "2005.08.01"]
[Round "1"]
[White "Stone,A"]
[Black "Hall,Dan"]
[Result "1-0"]
[WhiteElo "2265"]
[BlackElo "2037"]

1.d4 Nf6 2.c4 g6 3.Nc3 Bg7 4.e4 d6 5.Nf3 O-O 6.Be2 e5 7.O-O Nc6 8.d5 Ne7
9.Nd2 Nd7 10.b4 f5 11.a4 a5 12.bxa5 Rxa5 13.Nb3 Ra8 14.a5 f4 15.Ba3 h5 16.c5 Nf6
17.Qc2 Ne8 18.Nb5 h4 19.Rfc1 f3 20.Bxf3 Bh6 21.Nd2 h3 22.Nxc7 Bxd2 23.Qxd2 Rxf3
24.gxf3 Nxc7 25.cxd6 Nexd5 26.dxc7 Qf6 27.exd5 Qxf3 28.Qg5  1-0

[Event "15th ETC Women"]
[Site "Gothenburg SWE"]
[Date "2005.08.02"]
[Round "4"]
[White "Radziewicz,I"]
[Black "Dembo,Y"]
[Result "1/2-1/2"]
[WhiteElo "2447"]
[BlackElo "2428"]

1.Nf3 Nf6 2.c4 g6 3.Nc3 Bg7 4.e4 d6 5.d4 O-O 6.Be2 e5 7.O-O Nc6 8.d5 Ne7
9.Ne1 Nd7 10.Be3 f5 11.f3 f4 12.Bf2 g5 13.g4 fxg3 14.hxg3 Nf6 15.Ng2 Bh3
16.Qd2 h6 17.c5 Ng6 18.Kh2 g4 19.Be3 gxf3 20.Bxf3 Qd7 21.c6 bxc6 22.dxc6 Qc8
23.Nd5 Nxd5 24.Qxd5+ Kh7 25.Bh5 Ne7 26.Rxf8 Qxf8 27.Qc4 Qc8 28.Nh4 Be6 29.Qe2 Qg8
30.b3 Rf8 31.Rg1 Bf6 32.Bxa7 Bc8 33.Bf2 Qe6 34.g4 Bxh4 35.Bxh4 Nxc6 36.Rf1 Rf4
37.Rxf4 exf4 38.Qc4 Qxc4 39.bxc4 Ne5 40.Bd8 Nxg4+ 41.Kg2 f3+ 42.Kxf3 Ne5+
43.Kf4 c6 44.Be2 Ba6 45.Bc7 Nxc4 46.Bxd6 Kg6 47.Bc5 Kf6 48.Bd4+ Ke6 49.Bg7 h5
50.Bxh5 Nd6 51.Bf8 Nf7 52.Bg4+ Kf6 53.Bb4 Nd8 54.Bc3+ Ke7 55.Ke5 c5 56.Bf5 Bb7
57.Kf4 Nf7 58.e5 Nd8 59.Bb2 Ne6+ 60.Ke3 Bd5 61.a4 Kd7 62.Ba3 Kc7 63.a5 Kb8
64.Be4 Bb3 65.Kd3 Ka7 66.Kc3 Bd1 67.Bd5 Bg4 68.Bc4 Bf5 69.Bf1 Kb7 70.Kc4 Ka6
71.Bxc5 Nxc5 72.Kxc5+ Kxa5 73.Bb5 Bg4 74.Bc6 Bf5 75.Be8 Bg4 76.Kc6 Kb4 77.Bd7 Bh5
78.e6 Kc4 79.Kd6 Kd4 80.Bc6 Bg6 81.Bf3 Be8 82.Ke7 Ke5 83.Bg4 Bb5 84.Kf8 Kf6
85.e7 Bc6 86.Bh5 Bb5 87.Be8 Be2 88.Bd7 Bh5 89.Bg4 Bg6 90.Bd7  1/2-1/2

[Event "92nd ch-GBR"]
[Site "Douglas IOM"]
[Date "2005.08.03"]
[Round "3"]
[White "Rudd,J"]
[Black "Hall,Dan"]
[Result "1-0"]
[WhiteElo "2268"]
[BlackElo "2037"]

1.d4 Nf6 2.c4 g6 3.Nc3 Bg7 4.e4 d6 5.Nf3 O-O 6.Be2 e5 7.O-O Nc6 8.d5 Ne7
9.Ne1 Nd7 10.Be3 f5 11.f3 Nf6 12.g4 Qd7 13.h3 fxe4 14.fxe4 h5 15.g5 Qxh3
16.Rf3 Qg4+ 17.Ng2 h4 18.Rxf6 Qd7 19.Rxf8+ Bxf8 20.Nxh4  1-0

[Event "92nd ch-GBR"]
[Site "Douglas IOM"]
[Date "2005.08.06"]
[Round "6"]
[White "Morrison,G SCO"]
[Black "Mitchell,M"]
[Result "1-0"]
[WhiteElo "2322"]
[BlackElo "2172"]

1.Nf3 Nf6 2.c4 g6 3.Nc3 Bg7 4.e4 d6 5.d4 O-O 6.Be2 e5 7.O-O Nc6 8.d5 Ne7
9.Ne1 Nd7 10.f3 f5 11.g4 Kh8 12.h4 a5 13.Nd3 Ng8 14.g5 h6 15.Kg2 f4 16.Rh1 Rf7
17.Qg1 Bf8 18.Kf1 Rh7 19.Bd2 hxg5 20.hxg5 Rxh1 21.Qxh1+ Kg7 22.Qh4 Be7 23.Nxf4 exf4
24.Bxf4 c5 25.Kg2 Ne5 26.Bd2 Bd7 27.Rh1 Kf8 28.f4 Nf7 29.Nb5 Bxb5 30.cxb5 Ke8
31.Qh7 Kf8 32.Qxg6 Qe8 33.Rh7 Bd8 34.Bh5  1-0

[Event "92nd ch-GBR"]
[Site "Douglas IOM"]
[Date "2005.08.06"]
[Round "6"]
[White "Bonafont,P"]
[Black "Fraser,J"]
[Result "1-0"]
[WhiteElo "2116"]
[BlackElo "1959"]

1.d4 Nf6 2.Nf3 g6 3.c4 Bg7 4.Nc3 O-O 5.e4 d6 6.Be2 e5 7.O-O Nc6 8.d5 Ne7
9.b4 Nh5 10.Re1 f5 11.Ng5 Nf6 12.Bf3 c6 13.Be3 f4 14.Bc1 h6 15.Ne6 Bxe6 16.dxe6 Nc8
17.b5 Qe7 18.bxc6 bxc6 19.c5 Qxe6 20.Ba3 Rd8 21.Qa4 dxc5 22.Bxc5 Nb6 23.Qa3 Nfd7
24.Bd1 Nxc5 25.Qxc5 Kh7 26.Bb3 Qf6 27.Rad1 Bf8 28.Qa5 Rd4 29.Rxd4 exd4 30.Na4 Nxa4
31.Qxa4 f3 32.e5 Qg5 33.g3 Qf5 34.Qxc6 Rc8 35.Qd5 Bb4 36.Rd1 Bc3 37.Bc2 Qh3
38.Qxf3 Qe6 39.Qb7+  1-0

[Event "Stork YM"]
[Site "Hengelo NED"]
[Date "2005.08.08"]
[Round "2"]
[White "Nyback,T"]
[Black "Motoc,A"]
[Result "1-0"]
[WhiteElo "2571"]
[BlackElo "2270"]

1.d4 Nf6 2.c4 g6 3.Nc3 Bg7 4.e4 d6 5.Nf3 O-O 6.Be2 Nc6 7.O-O e5 8.d5 Ne7
9.b4 Nh5 10.Qc2 a5 11.bxa5 Rxa5 12.Re1 f5 13.Nd2 Nf6 14.Nb3 Ra8 15.f3 c5
16.dxc6 bxc6 17.Bg5 Be6 18.Rad1 Qc7 19.Qd2 Rfd8 20.Kh1 d5 21.exd5 cxd5 22.Nb5 Qc6
23.c5 d4 24.Nd6 Rxd6 25.cxd6 Qxd6 26.Rc1 Nfd5 27.Nc5 Bf7 28.a4 Nc6 29.Bb5 Na5
30.Rc2 h6 31.Bxh6 Bxh6 32.Qxh6 Nc3 33.Nd3 e4 34.fxe4 fxe4 35.Nf2 e3 36.Nh3 Bb3
37.Ng5 Ra7 38.Rcc1 Nc4 39.Qh4 Rc7 40.Ne4 Nxe4 41.Qxe4 Kg7 42.Qd3 Ba2  1-0